Score 0/197 Timer 01:30
0 Plays Today
% Correct
Rome(2009)
94.7%
London(1155)
94.7%
Paris(1343)
94.3%
Moscow(1645)
94%
Washington, D.C.(6239)
93.5%
Berlin(839)
93.4%
Madrid(2391)
92.5%
Beijing(7032)
92%
Warsaw(1064)
91.8%
Ottawa(5605)
91.7%
Cairo(3661)
91.6%
Mexico City(9206)
91.2%
Amsterdam(914)
91.2%
Bern(1459)
91.2%
Lisbon(2741)
91.2%
Vienna(1353)
91.2%
Helsinki(788)
91.1%
Canberra(15994)
91%
Dublin(1266)
91%
Athens(2608)
91%
Stockholm(417)
91%
Tokyo(8414)
91%
Ankara(2703)
90.8%
Prague(1120)
90.8%
Brussels(1086)
90.8%
Copenhagen(484)
90.8%
New Delhi(5992)
90.8%
Kyiv(1629)
90.8%
Reykjavik(1743)
90.8%
Brasilia(9919)
90.8%
Budapest(1483)
90.5%
Jerusalem(3617)
90.3%
Riga(843)
90.2%
Vatican City(2008)
90.2%
Lima(11055)
90.2%
Zagreb(1607)
90.2%
Minsk(1216)
90.2%
Sofia(2098)
90.2%
Bucharest(2007)
90.1%
Tehran(3956)
90.1%
Buenos Aires(12261)
90.1%
Tunis(2573)
90.1%
Luxembourg(1184)
90.1%
Kingston(8156)
90.1%
Rabat(3160)
90.1%
San Marino(1782)
90.1%
Monaco(1815)
90.1%
Algiers(2636)
90.1%
Havana(7978)
90.1%
Riyadh(4794)
90.1%
Tallinn(787)
90.1%
Wellington(17691)
90%
Pretoria(9669)
90%
Belgrade(1804)
90%
Panama City(9170)
90%
Santiago(12745)
90%
Vaduz(1424)
90%
Nairobi(7179)
89.9%
Bogotá(9276)
89.9%
Caracas(8323)
89.9%
Sarajevo(1860)
89.9%
Baghdad(3841)
89.9%
Bratislava(1373)
89.9%
Jakarta(10954)
89.9%
Seoul(7725)
89.9%
Tripoli(3014)
89.9%
% Correct
Vilnius(1046)
89.9%
Bangkok(8683)
89.9%
Nur-Sultan(3800)
89.9%
Singapore(10060)
89.9%
Andorra La Vella(2037)
89.8%
Quito(9993)
89.8%
Accra(6117)
89.8%
Abu Dhabi(5175)
89.8%
Addis Ababa(6133)
89.8%
Kabul(5012)
89.8%
Manila(9698)
89.8%
Baku(3452)
89.8%
Dakar(5531)
89.8%
Islamabad(5303)
89.8%
Ljubljana(1562)
89.8%
San Jose(9332)
89.8%
San Salvador(9248)
89.8%
Abuja(5666)
89.8%
Guatemala City(9226)
89.8%
Managua(9239)
89.8%
Beirut(3410)
89.8%
Kinshasa(7175)
89.8%
Ulaanbaatar(5868)
89.8%
Bishkek(4602)
89.8%
Damascus(3479)
89.8%
Doha(4958)
89.8%
La Paz(10997)
89.8%
Tirana(2161)
89.8%
Hanoi(8281)
89.8%
Khartoum(5252)
89.7%
Montevideo(12190)
89.8%
Skopje(2124)
89.7%
Tashkent(4434)
89.7%
Dhaka(7172)
89.7%
Nassau(7523)
89.7%
Tegucigalpa(9102)
89.7%
Valletta(2687)
89.7%
Amman(3625)
89.7%
Chisinau(1859)
89.7%
Muscat(5458)
89.7%
Tbilisi(3079)
89.7%
Belmopan(8881)
89.7%
Freetown(6069)
89.7%
Nicosia(3200)
89.7%
Asunción(11315)
89.7%
Bamako(5485)
89.7%
Djibouti(5961)
89.7%
Juba(6379)
89.7%
Kathmandu(6527)
89.7%
Kuala Lumpur(9769)
89.7%
Lomé(6037)
89.7%
Male(8130)
89.7%
Mogadishu(7088)
89.7%
Pristina(2047)
89.7%
Sana'a(5650)
89.7%
Yerevan(3200)
89.7%
Kuwait City(4390)
89.7%
Podgorica(2031)
89.7%
Suva(15282)
89.7%
Georgetown(8198)
89.7%
N'Djamena(5331)
89.7%
Port-Au-Prince(7851)
89.7%
Praia(5727)
89.7%
Taipei(8704)
89.7%
Luanda(7657)
89.7%
Monrovia(6240)
89.7%
% Correct
Niamey(5214)
89.7%
Pyongyang(7530)
89.7%
Harare(8846)
89.6%
Manama(4821)
89.6%
Sri Jayawardenepura Kotte(8204)
89.7%
Victoria(8172)
89.6%
Windhoek(9199)
89.6%
Antananarivo(9380)
89.6%
Apia(14906)
89.6%
Brazzaville(7155)
89.6%
Kampala(6894)
89.6%
Ouagadougou(5388)
89.6%
Paramaribo(8133)
89.6%
Port of Spain(8007)
89.6%
Santo Domingo(7729)
89.6%
Bangui(6216)
89.6%
Bridgetown(7669)
89.6%
Kingstown(7752)
89.6%
Saint John's(7407)
89.6%
Ashgabat(4116)
89.6%
Asmara(5465)
89.6%
Banjul(5635)
89.6%
Bissau(5772)
89.6%
Conakry(5952)
89.6%
Dili(12209)
89.6%
Dushanbe(4640)
89.6%
Lusaka(8531)
89.6%
Maputo(9767)
89.6%
Nouakchott(5125)
89.6%
Port Moresby(13362)
89.6%
Ramallah(3602)
89.6%
São Tomé(6642)
89.6%
Yaoundé(6242)
89.6%
Dodoma(7678)
89.6%
Funafuti(14235)
89.6%
Kigali(7092)
89.6%
Libreville(6624)
89.6%
Phnom Penh(9138)
89.6%
Porto-Novo(5986)
89.6%
Thimphu(6790)
89.6%
Vientiane(8398)
89.6%
Yaren(13116)
89.6%
Bandar Seri Begawan(10328)
89.6%
Basseterre(7439)
89.6%
Castries(7657)
89.6%
Gaborone(9513)
89.6%
Honiara(13863)
89.6%
Lilongwe(8480)
89.6%
Maseru(10051)
89.6%
Mbabane(9778)
89.6%
Moroni(8484)
89.6%
Palikir(12063)
89.6%
Roseau(7555)
89.6%
Saint George's(7886)
89.6%
Gitega(7229)
89.6%
Malabo(6254)
89.6%
Naypyidaw(7867)
89.6%
Ngerulmud(11070)
89.6%
Nukuʻalofa(15696)
89.6%
Port Louis(9864)
89.6%
Port Vila(15008)
89.6%
Tarawa(13034)
89.6%
Yamoussoukro(6063)
89.6%
Majuro(12378)
89.6%
🌟 Oslo 🌟
89.6%
Remove Ads.
Support Sporcle.
Get the best of Sporcle when you Go Orange. This ad-free experience offers more features, more stats, and more fun while also helping to support Sporcle. Thank you for becoming a member.

You're not logged in!

Compare scores with friends on all Sporcle quizzes.
OR
Log In

Show Comments

Extras

Top Quizzes Today


Score Distribution

Your Account Isn't Verified!

In order to create a playlist on Sporcle, you need to verify the email address you used during registration. Go to your Sporcle Settings to finish the process.

Report this User

Report this user for behavior that violates our Community Guidelines.

Details: